De las plantillas a la joya : cien diseños de anillos /
Збережено в:
| Автори: | , , |
|---|---|
| Формат: | Електронний ресурс eКнига |
| Мова: | Іспанська |
| Опубліковано: |
Cuenca, Ecuador :
Universidad del Azuay, Casa Editora,
[2025]
|
| Серія: | Artem (Universidad del Azuay, Casa Editora)
|
| Предмети: | |
| Онлайн доступ: | Digitalia Hispánica |
| Теги: |
Додати тег
Немає тегів, Будьте першим, хто поставить тег для цього запису!
|
MARC
| LEADER | 00000nam a2200000 i 4500 | ||
|---|---|---|---|
| 001 | DIGUAZUAY0317 | ||
| 003 | NyNyDIG | ||
| 007 | cr ||||||||||| | ||
| 008 | 260121s2025 ec ao ob 000 0 spa d | ||
| 006 | m o d | ||
| 035 | |a (OCoLC)1545607269 | ||
| 040 | |a DGITA |b eng |e rda |e pn |c DGITA | ||
| 020 | |a 9789942577092 |q eBook | ||
| 020 | |z 9789942577085 | ||
| 050 | 1 | 4 | |a NK7445 ebook |
| 100 | 1 | |a Valdez Castro, Felipe, |e author. | |
| 245 | 1 | 0 | |a De las plantillas a la joya : |b cien diseños de anillos / |c Felipe Valdez Castro, Carlos Julio Pesántez Palacios, Edgar Reyes Montesinos. |
| 264 | 1 | |a Cuenca, Ecuador : |b Universidad del Azuay, Casa Editora, |c [2025] | |
| 300 | |a 1 online resource : |b illustrations, color photographs. | ||
| 336 | |a text |b txt |2 rdacontent | ||
| 337 | |a computer |b c |2 rdamedia | ||
| 338 | |a online resource |b cr |2 rdacarrier | ||
| 347 | |a text file |2 rdaft | ||
| 347 | |b PDF | ||
| 490 | 1 | |a Artem | |
| 504 | |a Includes bibliographical references. | ||
| 588 | 0 | |a Online resource; title from PDF title page (Digitalia, viewed January 21, 2026) | |
| 650 | 0 | |a Rings |x Design. | |
| 650 | 0 | |a Jewelry |x Design. | |
| 700 | 1 | |a Pesántez Palacios, Carlos, |e author. | |
| 700 | 1 | |a Reyes Montesinos, Edgar, |e author. | |
| 791 | 2 | |a Digitalia (Firm), |e distributor. | |
| 793 | 0 | |g Digitalia eBook Collection: |a Universidad del Azuay | |
| 776 | 0 | 8 | |i Print version: |a Valdez Castro, Felipe. |t De las plantillas a la joya. |d Cuenca, Ecuador : Universidad del Azuay, Casa Editora, [2025] |z 9789942577085 |
| 830 | 0 | |a Artem (Universidad del Azuay, Casa Editora) | |
| 856 | 4 | 0 | |3 Digitalia Hispánica |u https://digitalia.unach.elogim.com/a/180881/ |
| 910 | |a Premium collection: 2026 | ||